Statistics for Cities by Place of Worship - Picture Quiz

Click here to take the quiz!

General Stats

  • This quiz has been taken 26,693 times
  • The average score is 9 of 15

Answer Stats

Answer% Correct
Moscow
97%
Paris
92%
Mecca
91%
Istanbul
85%
Barcelona
81%
Vatican City / Rome
77%
Jerusalem
73%
London
70%
Florence
65%
Milan
54%
Cologne
43%
Kyoto
37%
Venice
34%
Brasilia
20%
Salt Lake City
19%

Score Distribution

Percentile by Number Answered

Percent of People with Each Score

Your Score History

You have not taken this quiz